Conciencia y mismidad / (Record no. 183505)

MARC details
000 -LEADER
campo de control de longitud fija 00736nam a2200241 i 4500
001 - NÚMERO DE CONTROL
campo de control 183505
003 - IDENTIFICADOR DE NÚMERO DE CONTROL
campo de control ES-MaACL
005 - FECHA Y HORA DE LA ÚLTIMA TRANSACCIÓN
campo de control 20251122063142.0
008 - DATOS DE LONGITUD FIJA--INFORMACIÓN GENERAL
campo de control de longitud fija 140707s2013 sp | |||||||| | spa d
020 ## - NÚMERO INTERNACIONAL ESTÁNDAR DEL LIBRO
Número Internacional Estándar del Libro 978-84-9031-390-9
080 ## - NÚMERO DE LA CLASIFICACIÓN DECIMAL UNIVERSAL
Número de la Clasificación Decimal Universal 159.922
080 ## - NÚMERO DE LA CLASIFICACIÓN DECIMAL UNIVERSAL
Número de la Clasificación Decimal Universal 111.1
100 1# - ENTRADA PRINCIPAL--NOMBRE DE PERSONA
Nombre de persona Blanco, Carlos,
Fechas asociadas al nombre 1986-
9 (RLIN) 154919
245 10 - MENCIÓN DEL TÍTULO
Título Conciencia y mismidad /
Mención de responsabilidad, etc. Carlos Blanco.
260 ## - PUBLICACIÓN, DISTRIBUCIÓN, ETC.
Lugar de publicación, distribución, etc. Madrid :
Nombre del editor, distribuidor, etc. Dykinson,
Fecha de publicación, distribución, etc. D.L. 2013.
300 ## - DESCRIPCIÓN FÍSICA
Extensión 315 p. ;
Dimensiones 24 cm.
650 #7 - PUNTO DE ACCESO ADICIONAL DE MATERIA--TÉRMINO DE MATERIA
Término de materia o nombre geográfico como elemento de entrada Conciencia.
9 (RLIN) 11241
650 ## - PUNTO DE ACCESO ADICIONAL DE MATERIA--TÉRMINO DE MATERIA
Término de materia o nombre geográfico como elemento de entrada Ontología.
9 (RLIN) 15705
852 ## - LOCALIZACIÓN
Ubicación ES-MaACL
Número de control de estantería A-13116
itemnumber 190446
Sublocalización o colección R.149820
Ubicación en estantería Depósito 1
Signatura antigua Olim: N-6116
Donativo/Legado Donación: Ilia Galán
903 ## - NOMBRE PERSONAL DE DONANTE
a Galán, Ilia,
d 1966-
e Donante
9 234259
942 ## - ELEMENTOS DE ENTRADA SECUNDARIOS (KOHA)
Fuente del sistema de clasificación o colocación Clasificación decimal universal
Tipo de ítem Koha Libro impreso
Holdings
Estatus retirado Estado de pérdida Fuente del sistema de clasificación o colocación Estado de daño No para préstamo Biblioteca de origen Biblioteca actual Ubicación en estantería Fecha de adquisición Fuente de adquisición Total de préstamos Signatura topográfica completa Código de barras Visto por última vez Precio de reemplazo Tipo de ítem Koha
    Clasificación decimal universal     Biblioteca del Ateneo de Madrid Biblioteca del Ateneo de Madrid Depósito 1 07/07/2014 Donación   A-13116 1192881 23/02/2023 23/02/2023 Libro impreso